Adoption of RRII 400 series rubber clones by rubber small growers (Record no. 53839)
[ view plain ]
| 000 -LEADER | |
|---|---|
| fixed length control field | 01959nam a2200241Ia 4500 |
| 100 ## - MAIN ENTRY--AUTHOR NAME | |
| Personal name | Veeraputhran S |
| 245 #0 - TITLE STATEMENT | |
| Title | Adoption of RRII 400 series rubber clones by rubber small growers |
| 260 ## - PUBLICATION, DISTRIBUTION, ETC. (IMPRINT) | |
| Name of publisher | Journal of Plantation Crops |
| Year of publication | 2013 |
| 300 ## - PHYSICAL DESCRIPTION | |
| Number of Pages | 209-213 |
| 500 ## - GENERAL NOTE | |
| General note | Source Year: 2013 |
| 520 ## - SUMMARY, ETC. | |
| Summary, etc | The paper examines the response of small growers to the recommendation of multi-clonal planting in the context of release of RRII 400 series clones for commercial cultivation, since 2005. The data pertaining to 56080.6 ha under 130658 RPD permits, which availed subsidy from the Rubber Board during the seven year period from 2004 to 2010, were gathered from 26 Regional Offices of the Rubber Board located in the traditional rubber growing regions. The study reveled that the adoption had been characterised by th emono-clonal status (95.1;) of RRII 105 till the year 2004. However, the share of RRII 105 declined to 55.7 per cent in 2010. Conversely, share of RRII 400 series clones increased from 1.0 per cent in 2004 to 28 per cent in 2010 in the total planted area. But trends in adoption of a new clones did not exhibit a consistent pattern across size-classes and regions during the post-releae phase. It is in sharp contrast to the experience of RRII 105 since its release in 1980. Adoption of multi-clonal planting was only 2.6 per cent in 2004 hildings during ythe period under review. But the strength of this relationship has been dependent on region-specific factors. Therefore, the study brings out the need for evolving a long term policy of region-specific clone recommendations based on life-cycle commercial yield performance. |
| 650 ## - SUBJECT ADDED ENTRY--TOPICAL TERM | |
| Topical Term | Clone-adoption |
| 650 ## - SUBJECT ADDED ENTRY--TOPICAL TERM | |
| Topical Term | Mono-clonal |
| 650 ## - SUBJECT ADDED ENTRY--TOPICAL TERM | |
| Topical Term | Multi-clonal |
| 650 ## - SUBJECT ADDED ENTRY--TOPICAL TERM | |
| Topical Term | Natural rubber |
| 650 ## - SUBJECT ADDED ENTRY--TOPICAL TERM | |
| Topical Term | New planting |
| 650 ## - SUBJECT ADDED ENTRY--TOPICAL TERM | |
| Topical Term | Replanting |
| 700 ## - ADDED ENTRY--PERSONAL NAME | |
| Personal name | George K T |
| 700 ## - ADDED ENTRY--PERSONAL NAME | |
| Personal name | Joseph J |
| 700 ## - ADDED ENTRY--PERSONAL NAME | |
| Personal name | Siju T |
| 942 ## - ADDED ENTRY ELEMENTS (KOHA) | |
| Koha item type | Journals |
| Withdrawn status | Lost status | Damaged status | Not for loan | Home library | Current library | Shelving location | Date acquired | Serial Enumeration / chronology | Koha item type |
|---|---|---|---|---|---|---|---|---|---|
| Journals | RRII Library | RRII Library | Economics | 31/03/2014 | Volume 41, Issue 2 | Journals |